[Event "ROM-ch U10 Boys"]
[Site "Voineasa"]
[Date "2008.04.16"]
[Round "7"]
[White "Bojan, Bogdan Gabriel"]
[Black "Miroi, Robert Andrei"]
[Result "1-0"]
[WhiteElo "401"]
[BlackElo "602"]
[PlyCount "23"]
[EventDate "2008.04.08"]
[EventType "swiss"]
[EventRounds "9"]
[EventCountry "ROU"]
[SourceTitle "EXT 2013"]
[Source "ChessBase"]
[SourceDate "2012.11.22"]
[SourceVersion "1"]
[SourceVersionDate "2012.11.22"]
[SourceQuality "1"]

1. e4 d6 2. Nf3 Nf6 3. Nc3 Bg4 4. d4 e6 5. Be2 Be7 6. Be3 0-0 7. Qd2 Nc6 8. 0-0-0 Qd7 9. Rhg1 Rab8 10. h3 Bh5 11. g4 Bg6 12. Bd3 1-0